LEADER 02011nas 2200625-a 450 001 996200454403316 005 20210116033313.1 035 $a(CKB)110992357378262 035 $a(CONSER)---93649545- 035 $a(EXLCZ)99110992357378262 100 $a19930503b19932018 --- - 101 0 $ager 181 $ctxt$2rdacontent 182 $cc$2rdamedia 183 $acr$2rdacarrier 200 00$aBankenstatistik /$fDeutsche Bundesbank 210 $aFrankfurt am Main $cDeutsche Bundesbank$d1993-[2018] 215 $a1 online resource 225 1 $aJan. 1995-: Statistisches Beiheft zum Monatsbericht ;$v1 311 $aPrint version: Bankenstatistik / (DLC) 93649545 (DLC)sn 93017573 (DLC)sn 96038027 (OCoLC)28031396 0943-8750 410 0$aStatistisches Beiheft zum Monatsbericht ;$v1. 531 0 $aBankenstatistik 606 $aBanks and banking$zGermany$vStatistics$vPeriodicals 606 $aBanques$2eclas 606 $aDonnées statistiques$2eclas 606 $aMensuels$2eclas 606 $aActivité bancaire$2eclas 606 $aStatistiques financières$2eclas 606 $aBanks and banking$2fast$3(OCoLC)fst00826867 606 $aBankwezen$2gtt 606 $aBankenstatistik$2stw 606 $aDeutschland$2stw 607 $aAllemagne RF$2eclas 607 $aAllemagne$2eclas 607 $aGermany$2fast 608 $aPeriodicals.$2fast 608 $aStatistics.$2fast 608 $aStatistics.$2lcgft 608 $aPeriodicals.$2lcgft 615 0$aBanks and banking 615 7$aBanques. 615 7$aDonnées statistiques. 615 7$aMensuels. 615 7$aActivité bancaire. 615 7$aStatistiques financières. 615 7$aBanks and banking. 615 17$aBankwezen. 615 7$aBankenstatistik. 615 7$aDeutschland. 712 02$aDeutsche Bundesbank, 906 $aJOURNAL 912 $a996200454403316 920 $aexl_impl conversion 996 $aBankenstatistik$91933549 997 $aUNISA LEADER 04684oam 2200733I 450 001 9910786530103321 005 20230801233247.0 010 $a1-138-37701-5 010 $a0-203-80605-0 010 $a1-136-65261-2 024 7 $a10.4324/9780203806050 035 $a(CKB)3710000000133882 035 $a(EBL)1717723 035 $a(OCoLC)881887622 035 $a(SSID)ssj0001223985 035 $a(PQKBManifestationID)12414497 035 $a(PQKBTitleCode)TC0001223985 035 $a(PQKBWorkID)11259873 035 $a(PQKB)11113091 035 $a(OCoLC)884585205 035 $a(MiAaPQ)EBC1717723 035 $a(OCoLC)881839945 035 $a(EXLCZ)993710000000133882 100 $a20180706d2012 uy 0 101 0 $aeng 135 $aur|n|---||||| 181 $ctxt 182 $cc 183 $acr 200 10$aBreakdown and change of private interest governments /$flaudius Wagemann 210 1$aAbingdon, Oxon ;$aNew York :$cRoutledge,$d2012. 215 $a1 online resource (281 p.) 225 1 $aRoutledge/Warwick Studies in Globalisation ;$v23 300 $aDescription based upon print version of record. 311 $a1-306-89434-4 311 $a0-415-61135-0 320 $aIncludes bibliographical references and index. 327 $aCover; Title; Copyright; Dedication; Contents; List of illustrations; Acknowledgements; Abbreviations; Introduction; 1 The theoretical framework; 1.1 Interest intermediation between pluralism and corporatism; 1.2 The 'discovery' of the associability of business interests; 1.3 The 'discovery' of economic sectors as categories of analysis and the private interest government in the dairy sector; 1.4 Organizational properties as analytical units; 1.5 Population ecology and new institutionalist approaches to the study of interest groups; 2 Methodology and research techniques 327 $a2.1 Multi-method approaches in comparative case studies2.2 Case selection; 2.3 Data collection techniques; 3 From government to governance: organizational communities; 3.1 The situation of the dairy industry in four countries; 3.2 Associational sectoral governance in the early 1980s; 3.3 Changes in associational sectoral governance; 3.4 Liechtenstein: a counter-case to Switzerland; 3.5 Varieties of change; 4 From stability to enduring transformation: organizational populations; 4.1 The expansion of the Swiss associational system; 4.2 The concentration of the British associational system 327 $a4.3 Stabilization of the German associational system4.4 The transformation of the Austrian associational system; 4.5 Diverging and converging paths of change; 4.6 Organizational populations and organizations; 5 From influence to membership: individual organizations; 5.1 The structural component: towards parity and new forms; 5.2 Policy outputs: towards marketing and public relations; 6 Environments and organizational change; 6.1 Associations in the dairy sector after OBI: towards the COW model; 6.2 Perception: the professional staff and organizational decision-making 327 $a6.3 Embeddedness: organizational activity in a given environment6.4 Legitimacy: global and local trends; Conclusion; Appendix: English-language questionnaire; Notes; Bibliography; Index 330 $aPrivate Interest Governments were identified in the 1980s as a special form of public regulation in selected economic sectors, rivalling conventional market, state, or community-based forms of public order. This book examines how these institutional arrangements have changed since their identification. It takes into account external changes such as Europeanization, globalization, liberalization, and sector-specific developments, which have had an impact on even long-established public policies.Breakdown and Change of Private Interest Governments presents new empirical insights in changes which 410 0$aRoutledge/Warwick studies in globalisation ;$v23. 606 $aIndustrial policy 606 $aPressure groups$xEconomic aspects 606 $aCorporate state 606 $aEconomic policy 606 $aPublic goods 606 $aGlobalization$xEconomic aspects 615 0$aIndustrial policy. 615 0$aPressure groups$xEconomic aspects. 615 0$aCorporate state. 615 0$aEconomic policy. 615 0$aPublic goods. 615 0$aGlobalization$xEconomic aspects. 676 $a338.9 700 $aWagemann$b Claudius.$01505342 801 0$bMiAaPQ 801 1$bMiAaPQ 801 2$bMiAaPQ 906 $aBOOK 912 $a9910786530103321 996 $aBreakdown and change of private interest governments$93734824 997 $aUNINA